000 00423nam a2200157 i 4500
001 bg
100 1 _aPOKORSKI, Janusz
245 0 _aKształtowanie terenów zieleni /
_cJanusz Pokorski, Andrzej Siwiec.
250 _aWyd.5.
260 _aWarszawa :
_bWydawnictwa Szkolne i Pedagogiczne,
_c1985.
700 1 _aSIWIEC, Andrzej
040 _cBPK
041 _apol
942 _cKS
008 s pl f |000 0 pol
999 _c5093
_d5093
856 _uhttp://koha.tu.koszalin.pl/cgi-bin/koha/opac-detail.pl?biblionumber=5093
_yKatalog online BPK